Flags of American Cities - Statistics

General Stats
  • This quiz has been taken 15 times
  • The average score is 23 of 25
Answer Stats
Picture Hint Answer % Correct
Massechusetts Boston
100%
Illinois Chicago
100%
Texas Dallas
100%
Colorado Denver
100%
Texas Houston
100%
Indiana Indianapolis
100%
Nevada Las Vegas
100%
California Los Angeles
100%
Tennessee Nashville
100%
New York New York City
100%
Oklahoma Oklahoma City
100%
Pennsylvania Philadelphia
100%
Arizona Phoenix
100%
Oregon Portland
91%
Texas San Antonio
91%
California San Diego
91%
Washington Seattle
91%
N/A Washington, DC
91%
North Carolina Charlotte
82%
Ohio Columbus
82%
Texas El Paso
73%
Florida Jacksonville
73%
California San Francisco
73%
Texas Fort Worth
64%
California San Jose
64%
No matching quizzes found
Score Distribution
Percent of People with Each Score
Percentile by Number Answered
Your Score History
You have not taken this quiz